1367 1382 1936 1957 1950 1815 1879 1175 1145 1488 1821 1408 1487 1386 1848 1870 1355 1403 1164 1958 1348 1866 1513 1264 1982 1873 1351 1282 1481 1090 1160 1544 1212 1807 1306 1490 1535 1883 1396 1706 1898 1179 1860 1087 1130 1670 1137 1806 1159 1726 1376 1120 1571 1959 1149 1343 1244 1296 1984 1445 1561 1404 1329 1047 1822 1955 1989 1109 1078 1525 1733 1274 1390 1081 1955 1488 1642 1212 1101 1460 1032 1121 1490 1580 1298 1796 1974 1008 1642 1738 1618 1110 1117 1231 1583 1142 1105 1638 1495 BCNSPRNW ULIB Ver.6.0+V

เปลี่ยนเป็นภาษาไทย

Change to English
 แสดงรายละเอียดบรรณานุกรม
  กลับหน้าหลัก

Brief Record : Get Marc (ISO 2709) : E-mail record : QR code < ปิดหน้าต่าง
LEADER : 00000nam 2200000uu 4500
001    13399108173
003     ULIB
008    110220s2541||||th 000 0 tha d
060 04 WY150^bก496 ล.4 2541
110 2  กระทรวงสาธารณสุข. ^bสถาบันพระบรมราชชนก.^bโครงการสวัสดิการวิชาการ
245 10 การพยาบาลผู้ใหญ่และผู้สูงอายุ เล่ม 4 /^cสถาบันพระบรมราชชนกกระทรวงสาธารณสุข
250    พิมพ์ครั้งที่ 2 (แก้ไขเพิ่มเติม)
260    นนทบุรี :^bโครงการสวัสดิการวิชาการ สถาบันพระบรมราชชนกกระทรวงสาธารณสุข,^c2541
300    [12], 375 หน้า :^bภาพประกอบ ;^c26 ซม.
650  2 Geriatric Nursing
650  7 การพยาบาลผู้สูงอายุ
650  7 การพยาบาลเวชศาสตร์วัยชรา
650  7 ผู้สูงอายุ
650  7 ภาวะฉุกเฉิน^xการพยาบาล
945    ^p0^l0^i009647
945    ^p0^l0^i009645
945    ^p0^l0^i009643
945    ^p0^l0^i009641
945    ^p0^l0^i009639
945    ^p0^l0^i009637
945    ^p0^l0^i007075
945    ^p0^l0^i009648
945    ^p0^l0^i009646
945    ^p0^l0^i009644
945    ^p0^l0^i009642
945    ^p0^l0^i009640
945    ^p0^l0^i009638
945    ^p0^l0^i007076
995    ทศพร
999 ^a ใช้งานได้ทุกระบบ
รายการนี้ยังไม่มีแท็ก
คุณยังไม่ได้ล็อกอิน คุณสามารถมีกิจกรรมร่วมกับเว็บไซต์ได้ แต่ต้องล็อกอินก่อน ::
  ล็อกอิน

รายการสื่อสารสนเทศ

ลำดับที่ ประเภท เลขเรียก/บาร์โค้ด สถานที่ สถานะ
- ไม่พบข้อมูล -

รายการใกล้เคียง
    หัวเรื่อง [Geriatric Nursing]
    หัวเรื่อง [การพยาบาลผู้สูงอายุ]
    หัวเรื่อง [การพยาบาลเวชศาสตร์วัยชรา]
    หัวเรื่อง [ผู้สูงอายุ]

BibComment


ยังไม่เคยถูกคอมเมนท์

คอมเมนท์ทรัพยากรรายการนี้
  คอมเมนท์: การพยาบาลผู้ใหญ่แ..


 Copyright 2026. Bcnsprnw @Library